Verbum Christi: homilías para domingos y fiestas
Uloženo v:
| Hlavní autor: | |
|---|---|
| Médium: | Kniha |
| Jazyk: | španělština |
| Vydáno: |
Santiago
Del Pacífico
1955
|
| Témata: | |
| Tagy: |
Přidat tag
Žádné tagy, Buďte první, kdo vytvoří štítek k tomuto záznamu!
|
MARC
| LEADER | 00000nam a2200000 a 4500 | ||
|---|---|---|---|
| 001 | UCR2232 | ||
| 003 | CL-VaPUC | ||
| 008 | 980109e19550000CL |||||||||||||||||spa|d | ||
| 082 | 0 | 4 | |a 251 |b DON |2 21 |
| 100 | 0 | |a Donoso G., Francisco |e author |9 400058 | |
| 245 | 1 | 0 | |a Verbum Christi: homilías para domingos y fiestas |
| 300 | |a 289 p | ||
| 942 | |c BK | ||
| 945 | |d 19980109 00:00:00 |a rleighto | ||
| 260 | |a Santiago |b Del Pacífico |c 1955 | ||
| 650 | 7 | |a HOMILIA |2 CL-VaPUC |9 400059 | |
| 650 | 0 | |a Fiestas religiosas |9 349319 | |
| 650 | 0 | |a Cristianismo |9 257361 | |
| 650 | 0 | |a Catolicismo |9 258690 | |
| 650 | 0 | |a Iglesia |9 255004 | |
| 583 | |a last modification |c 19980109 00:00:00 |k Rodrigo Vera | ||
| 999 | |c 265489 |d 265487 | ||
| 952 | |0 0 |1 2 |4 0 |6 251_000000000000000_DON_1955 |7 0 |8 A |9 296433 |a BIBTEO |b BIBTEO |d 2019-11-20 |i 3368807 |o 251 DON 1955 |p 3368807 |r 2019-11-20 |w 2019-11-20 |x Descarte 2019 |y BK |k ICR | ||